| 000 | 01040 a2200229 4500 | ||
|---|---|---|---|
| 003 | Nust | ||
| 005 | 20220727100955.0 | ||
| 010 | _a 92003326 | ||
| 020 | _a0818660694 (fiche) | ||
| 020 | _a0818690690 (casebound) | ||
| 040 | _cNust | ||
| 082 | 0 | 0 | _a006.3,VEM |
| 245 | 0 | 0 |
_aArtificial neural networks : _bconcepts and control applications / _c[edited by] V. Rao Vemuri. |
| 260 |
_aLos Alamitos, Calif. : _bIEEE Computer Society Press, _cc1992. |
||
| 300 |
_ax, 509 p. : _bill. ; _c29 cm. |
||
| 440 | 0 |
_aIEEE Computer Society Press tutorial _994483 |
|
| 505 | _aArtificial Neural Networks (Page-1), Architecture and Learning (Page-41), Hopfield Nets and Their Application (Page-109), Back Propagation and Its Application (Page-221), Approximations and Learning (Page-355), Adaptation and Self Organization (Page-417), Neural Nets and Their Application to Control Engineering (Page-437) | ||
| 650 | 0 | _aAutomatic control. | |
| 650 | 0 |
_aNeural networks (Computer science) _918586 |
|
| 700 | 1 |
_aVemuri, V. Rao. _995429 |
|
| 942 |
_cREF _2ddc |
||
| 999 |
_c193448 _d193448 |
||